000 00574nam a2200217Ia 4500
005 20240423135304.0
008 131103s9999 xx 000 0 und d
020 _a978-81-7541-572
_cRs 500.00
040 _aLoreto College
041 _aEnglish
082 _a370.954
_bSIN
100 _aSingh,Pritam
245 _aSchool Based Assessment
_cPritam Singh
250 _a Theory into practice
260 _aNew Delhi
_bShipra Publications
_c2011
300 _axi.
504 _aIncludes references and index
650 _aEducation
850 _aLCBED
942 _cBK
999 _c37286
_d87765